Mergers and acquisitions critical perspectives on business and management

Salvato in:
Dettagli Bibliografici
Altri autori: Peck, Simon, Temple, Paul
Natura: Libro
Lingua:inglese
Pubblicazione: London Routledge 2002
Soggetti:
Tags: Aggiungi Tag
Nessun Tag, puoi essere il primo ad aggiungerne!!

MARC

LEADER 00000nam$a2200000$$$4500
001 0023340
005 20240104133014.8
020 |a 0-415-22626-0 
041 0 |a eng 
044 |a GB 
245 1 0 |a Mergers and acquisitions  |b critical perspectives on business and management  |c edited by Simon Peck and Paul Temple 
264 1 |a London  |b Routledge  |c 2002 
300 |a viii, 430 s. 
610 2 0 |a akvizícia 
610 2 0 |a fúzie 
610 2 0 |a kartely 
610 2 0 |a manažéri 
610 2 0 |a manažerizmus 
610 2 0 |a USA 
700 1 |a Peck, Simon 
700 1 |a Temple, Paul